| 000 | 00000nam##2200000za#4500 |
| 001 | 9.640232 |
| 003 | CaOODSP |
| 005 | 20220107134156 |
| 007 | cr ||||||||||| |
| 008 | 150407|2000||||xxc|||||o f|0| 0 fre|d |
| 040 | |aCaOODSP|bfre |
| 043 | |an-cn--- |
| 086 | 1 |aH72-21/173-2000F-PDF |
| 110 | 2 |aCentre national d'information sur la violence dans la famille (Canada) |
| 245 | 10|aMauvais traitements d'enfants handicapés / |h[ressource électronique]|cpréparé par Catherine Frazee avec l'aide de Patricia Seeley. |
| 260 | |aOttawa - Ontario : |bAgence de santé publique du Canada. |cAoût 2000. |
| 300 | |a14p.|bréférences |
| 590 | |a12-24-Supp|b2012-05-30 |
| 691 | 07|aViolence faite aux enfants|2gcpds |
| 691 | 07|aPersonne handicapée|2gcpds |
| 691 | 07|aEnfant|2gcpds |
| 720 | 1 |aFrazee, Catherine |
| 720 | 1 |aSeeley, Patricia |
| 775 | 08|tAbuse of children with disabilities / |w(CaOODSP)9.696111 |
| 776 | 0#|tMauvais traitement des enfants handicapés |w(CaOODSP)9.681109 |
| 856 | 40|ahttp://publications.gc.ca|qPDF|s105 Ko|uhttps://publications.gc.ca/collections/collection_2012/sc-hc/H72-21-173-2000-fra.pdf |